000 00323nam a2200133Ia 4500
999 _c16723
_d16723
082 _aTD.0235
100 _aDalal, Manoharlal
245 0 _aMalwa me kala tatha sthapatya
260 _c1972
_bVikram University
300 _a343p., maps. + C D 18
650 _aARTS - MALWA
650 _aMALWA - HISTORY
942 _cTH
_2ddc